[Event "Winnipeg op"]
[Site "Winnipeg"]
[Date "2019.07.09"]
[Round "5.5"]
[White "Rutter, Blair A"]
[Black "Annakkage, Udaya"]
[Result "1-0"]
[WhiteElo "1896"]
[BlackElo "1702"]
[PlyCount "67"]
[EventDate "2019.06.04"]
[EventType "swiss"]
[EventRounds "8"]
[EventCountry "CAN"]
[SourceTitle "EXT 2023"]
[Source "ChessBase"]
[SourceDate "2022.10.05"]
[SourceVersion "1"]
[SourceVersionDate "2022.10.05"]
[SourceQuality "1"]

1. c4 e5 2. g3 Nf6 3. Bg2 c6 4. e4 Be7 5. Nc3 0-0 6. Nge2 d6 7. 0-0 Be6 8. d3 Nbd7 9. h3 Qc8 10. f4 exf4 11. gxf4 Nc5 12. f5 Bd7 13. d4 Ncxe4 14. Nxe4 Bxf5 15. Nf2 d5 16. c5 Ne4 17. Nxe4 dxe4 18. Ng3 Bxh3 19. Nxe4 Qd7 20. Bf4 Bxg2 21. Kxg2 Qd5 22. Qf3 Qxd4 23. Rf2 Bxc5 24. Rd1 Qc4 25. Rc1 Qe6 26. Nxc5 Qg6+ 27. Qg3 Qh5 28. Qg5 Qxg5+ 29. Bxg5 f6 30. Bf4 b6 31. Ne4 c5 32. Rd1 g5 33. Bg3 f5 34. Nxg5 1-0

[Event "Winnipeg TNT March op"]
[Site "Winnipeg"]
[Date "2018.03.06"]
[Round "1"]
[White "Gregoryanz, Philipp"]
[Black "Annakkage, Udaya"]
[Result "0-1"]
[WhiteElo "1383"]
[BlackElo "1670"]
[PlyCount "58"]
[EventDate "2018.03.06"]
[EventType "swiss"]
[EventRounds "4"]
[EventCountry "CAN"]
[SourceTitle "EXT 2022"]
[Source "ChessBase"]
[SourceDate "2021.10.06"]
[SourceVersion "1"]
[SourceVersionDate "2021.10.06"]
[SourceQuality "1"]

1. e4 Nf6 2. e5 Nd5 3. d4 d6 4. Nf3 Bg4 5. Bc4 e6 6. h3 Bh5 7. Be2 Be7 8. Bd2 Nd7 9. Nc3 N5b6 10. Bf4 0-0 11. Qd3 Bg6 12. Qd1 dxe5 13. Bxe5 a6 14. d5 Nxe5 15. Nxe5 exd5 16. Nxg6 fxg6 17. Qd3 Bc5 18. Bf3 c6 19. 0-0-0 Bxf2 20. Qe2 Bh4 21. g3 Bg5+ 22. Kb1 Nc4 23. h4 Bf6 24. Ne4 Bxb2 25. Nd2 Nxd2+ 26. Rxd2 Qb6 27. Rd3 Bc3+ 28. Kc1 Qb2+ 29. Kd1 Qb1# 0-1

[Event "Winnipeg TNT March op"]
[Site "Winnipeg"]
[Date "2017.03.14"]
[Round "2.4"]
[White "Baron, Gustav L"]
[Black "Annakkage, Udaya"]
[Result "1-0"]
[WhiteElo "2119"]
[BlackElo "1688"]
[PlyCount "77"]
[EventDate "2017.03.07"]
[EventType "swiss"]
[EventRounds "4"]
[EventCountry "CAN"]
[SourceTitle "EXT 2022"]
[Source "ChessBase"]
[SourceDate "2021.10.06"]
[SourceVersion "1"]
[SourceVersionDate "2021.10.06"]
[SourceQuality "1"]

1. d4 Nf6 2. c4 e6 3. Nc3 Bb4 4. Qc2 b6 5. Bg5 Bb7 6. Nf3 0-0 7. e3 d6 8. Bd3 h6 9. Bh4 Nbd7 10. e4 e5 11. 0-0-0 exd4 12. Nxd4 Ne5 13. f3 Bxc3 14. Qxc3 a5 15. Nf5 Re8 16. Be2 Bc8 17. g4 Kh7 18. Bg3 Bb7 19. h4 g6 20. Nd4 Qe7 21. h5 Nc6 22. hxg6+ fxg6 23. Qe3 Qg7 24. g5 Nh5 25. Rxh5 gxh5 26. g6+ Qxg6 27. Be1 Nxd4 28. Qxd4 Qg7 29. Qf2 Rf8 30. Bd3 Qe5 31. Bc3 Qf4+ 32. Kb1 Qxf3 33. Qe1 Rae8 34. e5+ Kg8 35. e6 Re7 36. Bc2 Rf4 37. Rd3 Qf1 38. Re3 Qxe1+ 39. Rxe1 1-0

[Event "Winnipeg TNT October op"]
[Site "Winnipeg"]
[Date "2016.10.18"]
[Round "3"]
[White "Annakkage, Udaya"]
[Black "Bince, Rolando"]
[Result "1/2-1/2"]
[WhiteElo "1573"]
[BlackElo "1994"]
[PlyCount "52"]
[EventDate "2016.10.04"]
[EventType "swiss"]
[EventRounds "4"]
[EventCountry "CAN"]
[SourceTitle "EXT 2022"]
[Source "ChessBase"]
[SourceDate "2021.10.06"]
[SourceVersion "1"]
[SourceVersionDate "2021.10.06"]
[SourceQuality "1"]

1. e4 e6 2. d4 d5 3. Nd2 Nf6 4. e5 Nfd7 5. c3 c5 6. Ngf3 Nc6 7. Be2 cxd4 8. cxd4 Qb6 9. Nb3 a5 10. a4 Bb4+ 11. Kf1 Be7 12. Be3 0-0 13. h4 f5 14. Bg5 h6 15. Bf4 Ndb8 16. Bb5 Na6 17. Qc1 Bd7 18. Nc5 Be8 19. Bxc6 Bxc6 20. Bg5 Bxc5 21. dxc5 Qb4 22. Be7 Rf7 23. Bd6 Re8 24. h5 Bxa4 25. Rh4 Bb5+ 26. Kg1 Bc4 1/2-1/2